000 01160nam0a2200301 4500
001 RU\NLR\bibl\1143249
005 20250615074332.0
010 _a5-8827-1336-6
_91000
021 _aRU
_b2007-62437
_93334
035 _a(NLR Aleph) 001130091
090 _a1352399
_c1352399
100 _a20071019d2007 |||y0rusy50 ca
101 0 _arus
102 _aRU
105 _aa |||||||||
200 1 _aРусский антихрист
_e[книга стихов]
_fЭдди Эрикссон
210 _aМосква
_cРагнарек
_d2007
215 _a459, [4] c.
_cил.
_d21
327 1 _aСодерж. циклы: Герои нашего времени; Новый Сатирикон; Сатанинские стихи; Гитлериана; Возвращение богов; "Добрые" стихи; Аргентинские танки; Хокку; Про любовь; Осень дней моих
686 _aШ6(2=Р)75-5
700 1 _aЭрикссон
_bЭ.
_gЭдди
_4070
801 0 _aRU
_bNLR
_c20071019
_gRCR
801 1 _aRU
_bNLR
_c20071019
942 _cBOOK
980 _aNB